000 01560cam a22003015a 4500
001 L151112
002 10198
008 100930s2008 xxk f 1 000 0 eng d
020 _a9780080943565
035 _a(Sirsi) u151112
041 0 _aeng
050 0 4 _a621.31042 $2 18
100 1 _aTricker, Ray
245 0 0 _aWiring regulations in brief
_ba complete guide to the requirements of the 17th edition of the IEE Wiring Regulations, BS 7671 and Part P of the Building Regulations
_h[electronic resource]
260 _aOxford
_bButterworth Heinemann
_c2008
300 _aeBook
505 2 _aDomestic buildings -- Mandatory requirements -- Earthing -- External influences -- Electrical equipment, components, accessories and supplies -- Cables and conductors -- Special installations and locations -- Inspection and testing -- Installation, maintenance and repair
520 _aA comprehensive reference to the requirements of the IEE Wiring Regulations and related standards. Discusses various areas of working practice, such as cables, installation, testing and inspection, and working in special locations. Provides information on the relevant requirements and specifications.
590 _aKA
650 2 4 _aIEE WIRING REGULATIONS
650 2 4 _aEBOOK
650 2 4 _aIEE WIRING REGULATIONS
650 2 4 _aBS 7671: 2001
651 4 _aEngland and Wales
_y1543-
690 _aBUILT ENVIRONMENT-ENGINEERING-ELECTRICAL ENGINEERING
856 4 8 _uhttps://www.vlebooks.com/
_zView on VLEbooks. Logins for members only from [email protected]
942 _n0
999 _c111163
_d111163